Contemporary debates on nationalism : a critical engagement (Record no. 138030)

MARC details
000 -LEADER
fixed length control field 00659nam a2200205Ia 4500
008 - FIXED-LENGTH DATA ELEMENTS--GENERAL INFORMATION
fixed length control field 191130s2005##################000#0#eng##
020 ## - INTERNATIONAL STANDARD BOOK NUMBER
ISBN 9780333947722
082 ## - DEWEY DECIMAL CLASSIFICATION NUMBER
Classification number 320.54 OZK
100 ## - MAIN ENTRY--AUTHOR NAME
Personal name Özkırımlı, Umut
245 ## - TITLE STATEMENT
Title Contemporary debates on nationalism : a critical engagement
Statement of responsibility, etc Umut Özkirimli
260 ## - PUBLICATION, DISTRIBUTION, ETC. (IMPRINT)
Place of publication Basingstoke, Hampshire ; New York
Name of publisher Palgrave Macmillan
Year of publication c2005
300 ## - PHYSICAL DESCRIPTION
Number of Pages xii, 227 p. ; 23 cm
500 ## - GENERAL NOTE
General note Includes bibliographical references (p. 206-221) and index
650 ## - SUBJECT ADDED ENTRY--TOPICAL TERM
Topical Term Nationalism
991 ## -
-- 179562
Holdings
Withdrawn status Lost status Damaged status Not for loan Home library Current library Shelving location Date acquired Full call number Accession Number Price effective from Koha item type
        Anna Centenary Library Anna Centenary Library 3RD FLOOR, B WING 12.10.2020 320.54 OZK 305654 12.10.2020 English Books

Find us on the map